000 01234nam0a22003251 4500
001 rc\2203111
005 20250623031209.0
035 _a(NLR Aleph) 006541703
090 _a6643706
_c6643706
100 _a20110826d1978 |||y0rusy50 ca
101 0 _arus
102 _aRU
105 _aa z |||||
200 1 _aПринятие решений в организационных системах
_e(Учеб.-метод. пособие)
210 _aМосква
_cЦНИИавтоминформ
_d1978
215 _a92 с.
_cил.
_d21
300 _aВ надзаг.: ЦНИИ информ. и техн.-экон. исслед. по атом. науке и технике
320 _aБиблиогр.: с. 89-91 (44 назв.)
606 _aОрганизация управления
_2psbo
606 _aПринятие решений
_2psbo
686 _aУ9(2)210.301я73-1
_2rubbk
700 1 _aОстапюк
_bС.Ф.
_gСергей Федорович
701 1 _aРытова
_bС.А.
_gСветлана Андреевна
801 0 _aRU
_bNLR
_gpsbo
801 1 _aRU
_bELAR
_2rusmarc
852 _aNLR
_j79-4/2751
899 _aRuMoRGB
_jБ 78-25/1898
899 _aRuMoRGB
_jБ 78-25/1899
942 _cBOOK
980 _aNB